Sports Quiz

Random Sports or NFL Quiz
Score 0/50 Timer 10:00
0 Plays Today
Yds from Scrim Player % Correct
18,736Frank Gore
100%
3,601Duke Johnson
91.3%
14,239Andre Johnson
91.3%
9,813Willis McGahee
87%
15,610Edgerrin James
78.3%
11,910Michael Irvin
78.3%
14,345Reggie Wayne
73.9%
11,941Clinton Portis
69.6%
1,180Russ Smith
65.2%
993Chris T. Jones
60.9%
1,314James Jackson
56.5%
10,570Santana Moss
56.5%
8,068Greg Olsen
56.5%
1,530Warren Williams
52.2%
13,335Ottis Anderson
52.2%
6,149Jeremy Shockey
52.2%
5,243Kellen Winslow
52.2%
7,429Lamar Miller
52.2%
2,481Kevin Williams
52.2%
1.499Phillip Dorsett
47.8%
6,298Eddie Brown
47.8%
1,563Lamar Thomas
47.8%
1,063David Njoku
34.8%
3,864Randal Hill
34.8%
3,427Devon Hester
34.8%
Yds from Scrim Player % Correct
3,005Allen Hurns
34.8%
1,573Roscoe Parrish
34.8%
7,776Brian Blades
30.4%
2,347Bubba Franks
30.4%
3,398Travis Benjamin
30.4%
1,623Alonzo Highsmith
26.1%
7,530Jimmy Graham
26.1%
3,519Cleveland Gary
26.1%
1,667 Vinny Testaverde
26.1%
1,089Jim Kelly
26.1%
1,136Woody Thompson
21.7%
6,769Brett Perriman
21.7%
9,106Chuck Foreman
21.7%
2,357Najeh Davenport
17.4%
1,413Leonard Hankerson
17.4%
4,794Pete Banaszak
13%
2,293Donnell Bennett
13%
2,065Woody Bennett
13%
4,600Albert Bentley
13%
2,011Horace Copeland
8.7%
1,420Joe Auer
4.3%
1,803Keith Griffin
4.3%
4,428Tom Sullivan
4.3%
4,195Don Bosseler
4.3%
3,172Jim Dooley
4.3%
Remove Ads.
Support Sporcle.
Get the best of Sporcle when you Go Orange. This ad-free experience offers more features, more stats, and more fun while also helping to support Sporcle. Thank you for becoming a member.

You're not logged in!

Compare scores with friends on all Sporcle quizzes.
OR
Log In

Show Comments

Extras

Top Quizzes Today


Score Distribution

Your Account Isn't Verified!

In order to create a playlist on Sporcle, you need to verify the email address you used during registration. Go to your Sporcle Settings to finish the process.

Report this User

Report this user for behavior that violates our Community Guidelines.

Details: